A COMPREHENSIVE & UP-TO-DATE SELF -HELP APPROACH TO GOOD HEALTH PRESCRIPTION FOR NUTRITIONAL HEALING (Record no. 8307)

MARC details
000 -LEADER
fixed length control field 00554nam a22001817a 4500
005 - DATE AND TIME OF LATEST TRANSACTION
control field 20230509124953.0
008 - FIXED-LENGTH DATA ELEMENTS--GENERAL INFORMATION
fixed length control field 230509b |||||||| |||| 00| 0 eng d
020 ## - INTERNATIONAL STANDARD BOOK NUMBER
ISBN 0-89529-727-2
041 ## - LANGUAGE CODE
Language code of text/sound track or separate title eng
082 ## - DEWEY DECIMAL CLASSIFICATION NUMBER
Classification number 615.8 JAM-A
100 ## - MAIN ENTRY--AUTHOR NAME
Personal name JAMES F. BALCH, M D. , PHYLLIS A. BALCH , C.N.C.
245 ## - TITLE STATEMENT
Title A COMPREHENSIVE & UP-TO-DATE SELF -HELP APPROACH TO GOOD HEALTH PRESCRIPTION FOR NUTRITIONAL HEALING
250 ## - EDITION STATEMENT
Edition statement 2nd ed.
260 ## - PUBLICATION, DISTRIBUTION, ETC. (IMPRINT)
Name of publisher AVERY PUBLISHING GROUP
300 ## - PHYSICAL DESCRIPTION
Number of Pages 600;P.
650 ## - SUBJECT ADDED ENTRY--TOPICAL TERM
Topical Term PHARMACY
General subdivision B. PHARMA
942 ## - ADDED ENTRY ELEMENTS (KOHA)
Koha item type Books
Holdings
Lost status Damaged status Collection code Home library Current library Shelving location Date acquired Source of acquisition Cost, normal purchase price Full call number Accession Number Koha item type
    PHARMACY JRU Library JRU Library SHELF-18-F 08/05/2023 LOHIA BOOKS INTERNATIONAL 3408.00 615.8 JAM-A 27721 Books
    PHARMACY JRU Library JRU Library SHELF-18-F 08/05/2023 LOHIA BOOKS INTERNATIONAL 3408.00 615.8 JAM-A 27722 Books